Shipping mother east, (Record no. 17485)

MARC details
000 -LEADER
fixed length control field 00606cam a22002171 4500
001 - CONTROL NUMBER
control field ca 34001349
003 - CONTROL NUMBER IDENTIFIER
control field DLC
005 - DATE AND TIME OF LATEST TRANSACTION
control field 20260227111133.0
008 - FIXED-LENGTH DATA ELEMENTS--GENERAL INFORMATION
fixed length control field 800524s1928 nyu 000 0 eng
010 ## - LIBRARY OF CONGRESS CONTROL NUMBER
LC control number ca 34001349
035 ## - SYSTEM CONTROL NUMBER
System control number (OCoLC)6354356
040 ## - CATALOGING SOURCE
Original cataloging agency DLC
Transcribing agency OCl
Modifying agency DLC
042 ## - AUTHENTICATION CODE
Authentication code premarc
050 00 - LIBRARY OF CONGRESS CALL NUMBER
Classification number PS3543.A54
Item number S4 1928
082 ## - DEWEY DECIMAL CLASSIFICATION NUMBER
Classification number 812.5
100 1# - MAIN ENTRY--PERSONAL NAME
Personal name Van der Veer, Ethel.
245 10 - TITLE STATEMENT
Title Shipping mother east,
Remainder of title a satirical comedy in one act,
Statement of responsibility, etc. by Ethel Van der Veer.
260 ## - PUBLICATION, DISTRIBUTION, ETC.
Place of publication, distribution, etc. New York city,
Name of publisher, distributor, etc. T.R. Edwards
Date of publication, distribution, etc. [1928]
300 ## - PHYSICAL DESCRIPTION
Extent 2 p. l., 26 p.
Dimensions 20 cm.
655 #7 - INDEX TERM--GENRE/FORM
Genre/form data or focus term Comedies.
Source of term gsafd

No items available.

Powered by Koha